000 00624nam a2200217 a 4500
005 20240925064559.0
008 991125s1990 mx 000 0 spa u
020 _a9682438012
035 _aUPN01000002510
049 _aCG
050 4 _aBF199
_bM3.38 1990
100 1 _aMaslov, Abraham Harold
245 1 3 _aLa amplitud potencial de la naturaleza humana /
_cAbraham H. Maslow ; tr. Irene Livas González.
250 _a2a ed.
260 _aMéxico :
_bTrillas,
_c1990.
300 _a398 p.
650 4 _aConducta (Psicología)
_94460
650 4 _aPersonalidad
_97690
650 4 _aPSICOBIOLOGIA
_96590
905 _aLibro
999 _c2510
_d2510